000
00361nam a2200169Ia 4500
100
_a
Haefel/Richard/ Chappell/D
650
_a
Java
942
_c
BK
366
_f
10
654
_a
java message
245
_a
Java Message Service
260
_b
Oreilly
_a
New Delhi
_c
2006
082
_a
005.133J/HAE
_b
HAE
300
_a
220
546
_a
ENGLISH
999
_c
21942
_d
21942